How many cities can you name in Eswatini? (cityquiz.io) - Statistics

General Stats
  • This quiz has been taken 49 times
  • The average score is 5 of 19
Answer Stats
Population Answer % Correct
57,992 Mbabane
100%
9,900 Lobamba
60%
25,571 Manzini
49%
9,374 Big Bend
37%
4,157 Siteki
26%
4,581 Piggs Peak
23%
1,040 Mankayane
21%
7,661 Mhlume
21%
2,144 Mpaka
21%
6,540 Nhlangano
21%
7,400 Malkerns
19%
5,333 Simunye
19%
2,076 Hlatikulu
14%
842 Ngwenya
14%
1,117 Lavumisa
12%
2,443 Bulembu
9%
2,553 Mhlambanyatsi
9%
963 Nsoko Planters
9%
1,528 Sidvokodvo
9%
No matching quizzes found
Score Distribution
Percent of People with Each Score
Percentile by Number Answered
Your Score History
You have not taken this quiz